000 01491nac a22003731i 4500
003 EG-ScBUE
005 20230117133258.0
008 230117t1993 nyua f b 001 0 eng d
020 _a0517575353
020 _a9780517575352
040 _aEG-ScBUE
_beng
_erda
_cEG-ScBUE
_dEG-ScBUE
043 _an-us---
082 0 4 _a746.970973
_bKIR
_222
100 1 _aKiracofe, Roderick,
_eauthor.
245 1 4 _aThe American quilt :
_ba history of cloth and comfort, 1750-1950 /
_cRoderick Kiracofe ; text by Mary Elizabeth Johnson ; photographs by Sharon Risendorph ; design by Adriane Stark.
250 _aFirst edition.
264 1 _aNew York :
_bClarkson Potter,
_c[1993]
264 4 _cc1993
300 _axiii, 290 pages :
_bcolor illustrations ;
_c29 cm
336 _2rdacontent
_atext
_btxt
337 _2rdamedia
_aunmediated
_bn
338 _2rdacarrier
_avolume
_bnc
504 _aIncludes bibliographical references and index.
650 7 _aQuilts
_zUnited States
_xHistory.
_2BUEsh
653 _bART
655 _vReading book
700 1 _aHuff, Mary Elizabeth Johnson,
_d1944-
_econtributor.
700 1 _aRisedorph, Sharon,
_ephotographer.
700 1 _aStark, Adriane,
_edesigner.
740 0 _aHistory of cloth and comfort, 1750-1950.
856 4 2 _3Publisher description
_uhttp://www.loc.gov/catdir/description/random049/92006675.html
856 4 2 _3Contributor biographical information
_uhttp://www.loc.gov/catdir/enhancements/fy0726/92006675-b.html
942 _cBB
_2ddc
999 _c6904
_d6904